| 000 | 00703nam a22002177a 4500 | ||
|---|---|---|---|
| 005 | 20170124110254.0 | ||
| 010 | _aA-527873 | ||
| 020 |
_c00.00 _a9715610005 |
||
| 035 | _aA-527873 | ||
| 037 | _bCen Lib/Ret | ||
| 040 |
_aDPL _bEN |
||
| 082 |
_a332.153 _bHUM |
||
| 245 |
_aHuman resource policy and economic development : _bselected country studies / |
||
| 260 |
_aPhilippens _bAsian development bank _c1990 |
||
| 270 |
_a1099, manila _bPhilippens |
||
| 300 |
_axiii,309p. _c21cm(Hb) |
||
| 500 | _aIncludes bibliographical reference | ||
| 650 |
_aManpower policy -- Asia. _997680 |
||
| 650 |
_a Manpower planning -- Asia. _997681 |
||
| 942 |
_2ddc _cEN _h332.153 _mHUM |
||
| 999 |
_c136053 _d136053 |
||